Statistics for Countries Mahmoud Ahmadinejad has visited

Click here to take the quiz!

General Stats

  • This quiz has been taken 13 times
  • The average score is 35 of 49

Answer Stats

Continent Country % Correct
North AmericaCuba
92%
AsiaSyria
92%
South AmericaVenezuela
92%
AsiaPakistan
92%
Asia/ EuropeRussia
92%
Asia/ EuropeTurkey
92%
AfricaSudan
92%
AsiaOman
85%
AsiaIndia
85%
AsiaSaudi Arabia
85%
AsiaLebanon
85%
AsiaBahrain
85%
AsiaUnited Arab Emirates
85%
AsiaKuwait
77%
AsiaTajikistan
77%
AsiaTurkmenistan
77%
AsiaQatar
77%
North AmericaUnited States of America
77%
AsiaAfghanistan
77%
AsiaMalaysia
77%
AfricaKenya
77%
AsiaKazakhstan
77%
South AmericaBrazil
77%
AsiaIraq
77%
AsiaIndonesia
77%
AsiaKyrgyzstan
69%
AfricaAlgeria
69%
AsiaAzerbaijan
69%
AfricaUganda
69%
South AmericaBolivia
69%
AsiaVietnam
62%
AfricaBenin
62%
EuropeSwitzerland
62%
AfricaSenegal
62%
South AmericaEcuador
62%
AfricaNiger
62%
AfricaGambia
54%
AfricaGhana
54%
EuropeDenmark
54%
AfricaNigeria
54%
North AmericaNicaragua
54%
AfricaMauritania
54%
EuropeBelarus
54%
AfricaMali
54%
EuropeItaly
54%
AfricaZimbabwe
54%
AsiaSri Lanka
46%
AfricaDjibouti
46%
AfricaComoros
46%

Score Distribution

Percentile by Number Answered

Percent of People with Each Score

Your Score History

You have not taken this quiz